LEADER 02948nas 2200685- 450 001 9910282658803321 005 20231215133940.0 011 $a1999-4818 035 $a(OCoLC)702348533 035 $a(CKB)110992357288562 035 $a(CONSER)--2013269857 035 $a(EXLCZ)99110992357288562 100 $a20110217a20029999 o-- - 101 0 $aeng 135 $aurcn||||||||| 181 $ctxt$2rdacontent 182 $cc$2rdamedia 183 $acr$2rdacarrier 200 02$aL'Année philologique 210 1$aParis :$cSociété Internationale de Bibliographie Classique (SIBC),$d[2002-] 210 31$a[Turnhout, Belgium] :$cBrepols Publishers 210 4$d©2009 215 $a1 online resource 300 $a"Bibliographie critique et analytique de l'antiquité gréco-latine." 300 $a"Bibliography of the Classical World"-- Brepols (viewed on April 18, 2018). 311 $a0184-6949 330 $aDatabase that indexes annually collected scholarly works relating to every aspect of Greek and Roman civilization (authors and texts ; literature ; linguistics ; political, economic, and social history ; attitudes and daily life ; religion ; cultural and artistic life ; law ; philosophy ; science and technology ; and the history of classical studies). Significant space is accorded to the auxiliary disciplines (archaeology, epigraphy, numismatics, papyrology and paleography). Book notices are followed by a listing of reviews as these are published ; notices of articles include an abstract in English, German, Spanish, French, or Italian. 517 3 $aAPh 517 1 $aAnnée philologique on the Internet 517 1 $aAnnée philologique sur Internet 606 $aClassical philology$vIndexes$vDatabases 606 $aClassical literature$vBibliography$vIndexes$vDatabases 606 $aClassical literature$2fast$3(OCoLC)fst00863509 606 $aClassical philology$2fast$3(OCoLC)fst00863532 606 $aLittérature ancienne$vBases de données 606 $aPhilologie ancienne$vBases de données 606 $aCivilisation ancienne$vBases de données 606 $aArchéologie$vBases de données 606 $aPhilology, Classical 608 $aSources.$2fast 608 $aDatabases.$2fast 608 $aIndexes.$2fast 608 $aElectronic reference sources. 608 $aDatabases.$2lcgft 608 $aOnline databases. 608 $aBibliography. 615 0$aClassical philology 615 0$aClassical literature 615 7$aClassical literature. 615 7$aClassical philology. 615 6$aLittérature ancienne 615 6$aPhilologie ancienne 615 6$aCivilisation ancienne 615 6$aArchéologie 615 2$aPhilology, Classical. 712 02$aSociété internationale de bibliographie classique, 906 $aJOURNAL 912 $a9910282658803321 996 $aAnnée philologique$9627367 997 $aUNINA LEADER 03136nam 2200529 450 001 9910794615003321 005 20200806124632.0 010 $a1-119-10749-0 035 $a(CKB)4330000000000838 035 $a(JP-MeL)3000028620 035 $a(CaSebORM)9781119107477 035 $a(MiAaPQ)EBC4432157 035 $a(EXLCZ)994330000000000838 100 $a20160127d2016 uy| 0 101 0 $aeng 135 $aurcnu|||||||| 181 $2rdacontent 182 $2rdamedia 183 $2rdacarrier 200 10$aTriz for dummies /$fby Lilly Haines-Gadd 205 $aFirst edition. 210 1$aIndianapolis, IN :$cJohn Wiley & Sons, Incorporated,$d2016. 215 $a1 online resource (307 pages) $cillustrations 225 1 $aFor dummies 311 $a1-119-10747-4 327 $aGetting started with TRIZ -- Opening your TRIZ toolbox -- Thinking like a genius -- Understanding, defining and solving difficult problems with TRIZ -- The part of tens. 330 $aUse TRIZ to unlock creative problem solving Are you new to TRIZ and looking for an easy-to-follow guide on how you can use it to enhance your company's creativity, innovation and problem-solving abilities? Look no further! Written in plain English and packed with tons of accessible and easy-to-follow instruction, TRIZ For Dummies shows you how to use this powerful toolkit to discover all the ways of solving a problem, uncover new concepts and identify previously unseen routes for new product development. An international science that relies on the study of patterns in problems and solutions, TRIZ offers a powerful problem-solving and creativity-generating solution for companies looking to promote innovation, especially in the face of having to do more with less. Inside, you'll find out how to successfully apply this problem-solving toolkit to benefit from the experience of the whole world?not just the spontaneous and occasional creativity of individuals or groups of engineers with an organisation. Learn to think like a genius with TRIZ Discover the benefits of TRIZ as a tool for businesses Find fun and simple exercises for putting TRIZ into practise Benefit from industry examples of where TRIZ has worked?and how With the help of TRIZ For Dummies , you'll get the skills needed to see the wood for the trees and solve complex problems with creativity, ingenuity and innovation. 410 0$a--For dummies. 606 $aTRIZ theory$vHandbooks, manuals, etc 606 $aCreative thinking$vHandbooks, manuals, etc 606 $aInventions$vHandbooks, manuals, etc 606 $aEngineering$xMethodology$vHandbooks, manuals, etc 606 $aProblem solving$xMethodology$vHandbooks, manuals, etc 615 0$aTRIZ theory 615 0$aCreative thinking 615 0$aInventions 615 0$aEngineering$xMethodology 615 0$aProblem solving$xMethodology 676 $a658.4/03 700 $aHaines-Gadd$b Lilly$01575377 801 0$bMiAaPQ 801 1$bMiAaPQ 801 2$bMiAaPQ 906 $aBOOK 912 $a9910794615003321 996 $aTriz for dummies$93852307 997 $aUNINA